Top 10 Goalkeepers of All Time - Statistics

General Stats
  • This quiz has been taken 83 times
  • The average score is 8 of 10
Answer Stats
Nationality Answer % Correct
Germany Manuel Neuer
99%
Italy Gianluigi Buffon
97%
Spain Iker Casillas
95%
Germany Oliver Kahn
89%
Denmark Peter Schmeichel
88%
Russia Lev Yashin
86%
Czech Republic Petr Cech
86%
Netherlands Edwin van der Sar
84%
England Gordon Banks
55%
Italy Dino Zoff
51%
No matching quizzes found
Score Distribution
Percent of People with Each Score
Percentile by Number Answered
Your Score History
You have not taken this quiz